Online
Catalog

La formación de William James / (Record no. 18544)

MARC details
000 -CABECERA
campo de control de longitud fija 00972nam a2200253 a 4500
001 - NÚMERO DE CONTROL
campo de control 000019026
005 - FECHA Y HORA DE LA ÚLTIMA TRANSACCIÓN
campo de control 20200929165914.0
008 - DATOS DE LONGITUD FIJA--INFORMACIÓN GENERAL
campo de control de longitud fija 100522s1987 ag 000 0dspa d
020 ## - NÚMERO INTERNACIONAL ESTÁNDAR DEL LIBRO
Número Internacional Estándar del Libro 9501268381
040 ## - FUENTE DE LA CATALOGACIÓN
Centro catalogador/agencia de origen DO-SdBNP
Lengua de catalogación spa
Centro/agencia transcriptor BNPHU
082 ## - NÚMERO DE LA CLASIFICACIÓN DECIMAL DEWEY
Número de clasificación 921.1
Número de documento/Ítem J27F
100 1# - ENTRADA PRINCIPAL--NOMBRE DE PERSONA
Nombre de persona Feinstein, Howard M.,
9 (RLIN) 40932
245 13 - MENCIÓN DE TÍTULO
Título La formación de William James /
Mención de responsabilidad, etc. Howard M. Feinstein ; traducción de Jorge Piatigorsky.
260 ## - PUBLICACIÓN, DISTRIBUCIÓN, ETC.
Lugar de publicación, distribución, etc. Buenos Aires :
Nombre del editor, distribuidor, etc. Paidos,
Fecha de publicación, distribución, etc. 1987.
300 ## - DESCRIPCIÓN FÍSICA
Extensión [1-5], 374, [375] p. :
Otras características físicas il. ;
Dimensiones 22 cm.
490 1# - MENCIÓN DE SERIE
Mención de serie Paidos studio
Designación de volumen o secuencia 38
490 1# - MENCIÓN DE SERIE
Mención de serie Básica
504 ## - NOTA DE BIBLIOGRAFÍA, ETC.
Nota de bibliografía, etc. Incluye referencias bibliográficas y notas al pie de las páginas.
534 ## - NOTA SOBRE LA VERSIÓN ORIGINAL
Frase introductoria Título original en inglés:
Mención de título del original Becoming William James.
Publicación, distribución, etc. del original Ithaca and London : Cornell University, 1984
600 10 - PUNTO DE ACCESO ADICIONAL DE MATERIA--NOMBRE DE PERSONA
Nombre de persona JAMES, WILLIAM,
Fechas asociadas al nombre 1842-1910.
9 (RLIN) 40933
650 #4 - PUNTO DE ACCESO ADICIONAL DE MATERIA--TÉRMINO DE MATERIA
Término de materia o nombre geográfico como elemento de entrada Filósofos estadounidense
Subdivisión general Biografías
9 (RLIN) 40934
650 #4 - PUNTO DE ACCESO ADICIONAL DE MATERIA--TÉRMINO DE MATERIA
Término de materia o nombre geográfico como elemento de entrada Psicólogos experimentales
9 (RLIN) 40935
700 1# - PUNTO DE ACCESO ADICIONAL--NOMBRE DE PERSONA
Nombre de persona Piatigorsky, Jorge,
Término indicativo de función/relación tr.
9 (RLIN) 40936
Holdings
Estado de retiro Estado de pérdida Restricciones de uso No para préstamo Código de colección Localización permanente Ubicación/localización actual Ubicación en estantería Fecha de adquisición Número de inventario Total de préstamos Signatura topográfica completa Código de barras Fecha visto por última vez Precio válido a partir de Tipo de ítem Koha Número de copia
      Excluido de préstamo Monografías: Libros y Folletos General General Depósito 22.05.2010 LF1   921.1 J27F 19026-10 25.06.2020 25.06.2020 No se presta  
  Extraviado   Excluido de préstamo Monografías: Libros y Folletos General General Extraviado 04.04.2017 LF1   921.1 J27F 19026-20 25.06.2020 25.06.2020 No se presta e. 2

Powered by Koha